Reflection of cultures in business meetings and negotiations bakalárska práca

Gespeichert in:
Bibliographische Detailangaben
1. Verfasser: Marasová, Mária
Körperschaft: Fakulta aplikovaných jazykov EU v Bratislave. Katedra jazykovedy a translatológie
Weitere Verfasser: Kapustíková, Martina, 1987-
Format: Buch
Sprache:Englisch
Veröffentlicht: Bratislava 2017
Tags: Tag hinzufügen
Keine Tags, Fügen Sie das erste Tag hinzu!

MARC

LEADER 00000nbm a2200000 4500
001 0231442
005 20180213110700.3
041 0 |a eng 
044 |a SK 
245 1 0 |a Reflection of cultures in business meetings and negotiations  |b bakalárska práca  |c Mária Marasová ; školiteľ: Martina Kapustíková 
264 1 |a Bratislava  |c 2017 
300 |a 50 s. 
100 1 |a Marasová, Mária 
700 1 |a Kapustíková, Martina, 1987- 
710 2 |a Fakulta aplikovaných jazykov EU v Bratislave. Katedra jazykovedy a translatológie